[Event "Franconville-Le Vesinet"]
[Site "Le Vesinet"]
[Date "2008.04.06"]
[Round "11.7"]
[White "Eid, Maha"]
[Black "Saglier, Paul"]
[Result "1-0"]
[WhiteElo "1942"]
[BlackElo "1910"]
[PlyCount "65"]
[EventDate "2008.04.06"]
[SourceDate "2007.10.24"]

1. d4 Nf6 2. c4 e6 3. a3 b6 4. Nc3 Bb7 5. e3 Be7 6. Nf3 O-O 7. Bd3 d5 8. O-O
Nbd7 9. Qe2 Ne4 10. Nd2 Nxc3 11. bxc3 dxc4 12. Nxc4 Bf6 13. f4 g6 14. e4 Bg7
15. e5 Re8 16. Bb2 f5 17. Ne3 c5 18. Bc4 cxd4 19. cxd4 Nf8 20. Rad1 Be4 21. d5
Qe7 22. dxe6 Nxe6 23. Rd6 Qf7 24. Nc2 Bf8 25. Rd2 Rad8 26. Rfd1 Rxd2 27. Qxd2
Qc7 28. Ne3 Kg7 29. Qd7+ Qxd7 30. Rxd7+ Kh8 31. Nd5 Bc5+ 32. Kf1 h5 33. Nf6 1-0

[Event "Franconville-Le Vesinet"]
[Site "Le Vesinet"]
[Date "2008.04.06"]
[Round "11.8"]
[White "Millet, Maud"]
[Black "Eid, Amine"]
[Result "1-0"]
[WhiteElo "1910"]
[BlackElo "1797"]
[PlyCount "97"]
[EventDate "2008.04.06"]
[SourceDate "2007.10.24"]

1. e4 c5 2. Nf3 g6 3. d3 Bg7 4. Nbd2 Nc6 5. g3 Nf6 6. Bg2 O-O 7. c3 d6 8. O-O
Bd7 9. h3 Rc8 10. Re1 a6 11. Nh4 b5 12. a4 Qb6 13. Kh2 Ne5 14. Ndf3 Nxf3+ 15.
Bxf3 bxa4 16. Qd2 Bb5 17. Bd1 Nd7 18. c4 Bc6 19. Bxa4 Bxa4 20. Rxa4 Rb8 21. Re2
Ne5 22. f4 Nc6 23. Nf3 Rb7 24. b3 Nd4 25. Nxd4 Bxd4 26. Ra3 Qb4 27. Qd1 a5 28.
Rea2 Rfb8 29. Kg2 Qb6 30. Bd2 Qc6 31. Bxa5 f5 32. Kf3 e5 33. Bd2 Rf7 34. Ra7
Rbb7 35. R2a6 Qd7 36. Rxb7 fxe4+ 37. dxe4 Qxb7 38. Rxd6 g5 39. Rd5 Qc8 40. f5
Rxf5+ 41. exf5 Qxf5+ 42. Kg2 Qf2+ 43. Kh1 Qxg3 44. Qf1 Bf2 45. Rd3 Qh4 46. Bxg5
Qe4+ 47. Kh2 Qf5 48. Be3 e4 49. Rd8+ 1-0